000 00666nam a2200145 a 4500
008 210225s2008 ||||||||||||||||| || u
020 _a9781932613377
050 _aTA 151 Nat
100 _aNational council of examiners for engineering and surveying
245 1 0 _aFundamentals of engineering supplied-reference handbook
_cBy National council of examiners
260 _aUSA
_bNational council of examiners for engineering and surveying
_c2008
300 _av,258 pages:illustrations
350 _a27.88
995 _FCBU-MAIN LIBRARY (Kitwe)
_I27.88
_M1
_UAVAILABLE
_WMar 30, 2021
_ZMain Library Open Access Collection
999 _c44141
_d44141